Unnütze Worte

Saved in:
Bibliographic Details
Main Author: Bohren, Rudolf (Author)
Format: Article (Journal)
Language:German
Published: 1992
In: Evangelische Theologie
Year: 1992, Volume: 52, Issue: 4, Pages: 375-380
ISSN:0014-3502
Online Access: Get full text
Author Notes:Rudolf Bohreb

MARC

LEADER 00000caa a2200000 c 4500
001 830474064
003 DE-627
005 20240719195735.0
007 tu
008 160405s1992 xx ||||| 00| ||ger c
035 |a (DE-627)830474064 
035 |a (DE-576)464511739 
035 |a (DE-599)GBV830474064 
035 |a (OCoLC)1425898322 
040 |a DE-627  |b ger  |c DE-627  |e rakwb 
041 |a ger 
084 |a 12  |2 sdnb 
084 |a 1  |2 ssgn 
100 1 |a Bohren, Rudolf  |d 1920-2010  |0 (DE-588)118908510  |0 (DE-627)079685153  |0 (DE-576)210362987  |4 aut 
245 1 0 |a Unnütze Worte  |c Rudolf Bohreb 
264 1 |c 1992 
300 |a 6 
336 |a Text  |b txt  |2 rdacontent 
337 |a ohne Hilfsmittel zu benutzen  |b n  |2 rdamedia 
338 |a Band  |b nc  |2 rdacarrier 
500 |a Nachtrag zu seinem Buch "Seligpreisungen der Bibel heute" 
773 0 8 |i In  |t Evangelische Theologie  |d Gütersloh : Gütersloher Verl.-Haus, 1934  |g 52(1992), 4, Seite 375-380  |w (DE-627)129480622  |w (DE-600)204334-8  |w (DE-576)014863200  |x 0014-3502  |7 nnas  |a Unnütze Worte 
773 1 8 |g volume:52  |g year:1992  |g number:4  |g pages:375-380  |g extent:6  |a Unnütze Worte 
776 0 8 |i Erscheint auch als  |n Online-Ausgabe  |a Bohren, Rudolf, 1920 - 2010  |t Unnütze Worte  |d 1992  |w (DE-627)1853475572 
935 |a mteo 
951 |a AR 
992 |a 20230724 
993 |a Article 
998 |g 118908510  |a Bohren, Rudolf  |m 118908510:Bohren, Rudolf  |d 10000  |e 10000PB118908510  |k 0/10000/  |p 1  |x j  |y j 
999 |a KXP-PPN830474064  |e 4357165512 
BIB |a Y 
SER |a journal 
JSO |a {"type":{"bibl":"article-journal"},"name":{"displayForm":["Rudolf Bohreb"]},"physDesc":[{"extent":"6 S."}],"recId":"830474064","id":{"eki":["830474064"]},"title":[{"title":"Unnütze Worte","title_sort":"Unnütze Worte"}],"note":["Nachtrag zu seinem Buch \"Seligpreisungen der Bibel heute\""],"language":["ger"],"origin":[{"dateIssuedKey":"1992","dateIssuedDisp":"1992"}],"person":[{"display":"Bohren, Rudolf","family":"Bohren","role":"aut","given":"Rudolf"}],"relHost":[{"pubHistory":["1.1934/35-5.1938 ; N.F. 1=6.1946/47,Juli-"],"type":{"bibl":"periodical"},"recId":"129480622","title":[{"subtitle":"ET","title":"Evangelische Theologie","title_sort":"Evangelische Theologie"}],"part":{"volume":"52","year":"1992","issue":"4","text":"52(1992), 4, Seite 375-380","extent":"6","pages":"375-380"},"id":{"issn":["0014-3502"],"zdb":["204334-8"],"eki":["129480622"]},"titleAlt":[{"title":"ET"}],"note":["Repr.: Amsterdam : Benjamins"],"origin":[{"dateIssuedKey":"1934","publisherPlace":"Berlin ; Boston ; München ; München ; Gütersloh","dateIssuedDisp":"1934-","publisher":"De Gruyter ; Lempp ; Kaiser ; Gütersloher Verl.-Haus"}],"disp":"Unnütze WorteEvangelische Theologie","language":["ger"],"person":[{"display":"Strohm, Christoph","given":"Christoph","family":"Strohm","role":"edt"}]}]} 
SRT |a BOHRENRUDOUNNUETZEWO1992